Inclusion and Innovation in the Digital Economy
Na minha lista:
| Autor principal: | |
|---|---|
| Outros Autores: | |
| Formato: | Livro |
| Idioma: | inglês |
| Publicado em: |
Abingdon
Routledge/Taylor & Francis Group
2026
|
| Edição: | 1st Edition |
| Assuntos: | |
| Tags: |
Sem tags, seja o primeiro a adicionar uma tag!
|
MARC
| LEADER | 00000nam a2200000 4500 | ||
|---|---|---|---|
| 001 | 0315331 | ||
| 005 | 20260318132238.8 | ||
| 020 | |a 9781040577493 | ||
| 041 | 0 | |a eng | |
| 044 | |a GB | ||
| 245 | 1 | 0 | |a Inclusion and Innovation in the Digital Economy |c Ewelina Sokołowska and Małgorzata Gawrycka |
| 250 | |a 1st Edition | ||
| 264 | 1 | |a Abingdon |b Routledge/Taylor & Francis Group |c 2026 | |
| 300 | |a 200 s. | ||
| 500 | |a ProQuest e-books. | ||
| 610 | 2 | 0 | |a ekonomika digitálna |
| 610 | 2 | 0 | |a inklúzia |
| 610 | 2 | 0 | |a inovácia |
| 610 | 2 | 0 | |a inovácie technologické |
| 610 | 2 | 0 | |a trh práce |
| 100 | 1 | |a Sokołowska, Ewelina | |
| 700 | 1 | |a Gawrycka, Małgorzata | |